|
|
|
|
| LEADER |
00000nla2a2200000 4500 |
| 001 |
646065 |
| 005 |
20250514110505.0 |
| 035 |
|
|
|a (RuTPU)RU\TPU\network\11186
|
| 035 |
|
|
|a RU\TPU\network\11185
|
| 090 |
|
|
|a 646065
|
| 100 |
|
|
|a 20160209d2015 k y0rusy50 ca
|
| 101 |
0 |
|
|a rus
|
| 102 |
|
|
|a RU
|
| 105 |
|
|
|a a z 101zy
|
| 135 |
|
|
|a drgn ---uucaa
|
| 181 |
|
0 |
|a i
|
| 182 |
|
0 |
|a b
|
| 200 |
1 |
|
|a Численное исследование разрушения горных пород при электровзрыве
|f Р. А. Бакеев [и др.]
|
| 203 |
|
|
|a Текст
|c электронный
|
| 225 |
1 |
|
|a Неустойчивость и локализация деформации и разрушения в материалах с иерархической структурой
|
| 300 |
|
|
|a Заглавие с экрана
|
| 337 |
|
|
|a Adobe Reader
|
| 463 |
|
1 |
|0 (RuTPU)RU\TPU\network\11053
|t Перспективные материалы с иерархической структурой для новых технологий и надежных конструкций
|o тезисы докладов Международной конференции, 21-25 сентября 2015 г., Томск
|f Российская академия наук (РАН), Сибирское отделение (СО), Институт физики прочности и материаловедения (ИФПМ)
|v [С. 318-319]
|d 2015
|
| 610 |
1 |
|
|a электронный ресурс
|
| 610 |
1 |
|
|a труды учёных ТПУ
|
| 610 |
1 |
|
|a численные исследования
|
| 610 |
1 |
|
|a разрушение пород
|
| 610 |
1 |
|
|a горные породы
|
| 610 |
1 |
|
|a электровзрывы
|
| 701 |
|
1 |
|a Бакеев
|b Р. А.
|
| 701 |
|
1 |
|a Стефанов
|b Ю. П.
|
| 701 |
|
1 |
|a Кузнецова
|b Н. С.
|c физик
|c доцент Томского политехнического университета, кандидат физико-математических наук
|f 1982-
|g Наталья Сергеевна
|3 (RuTPU)RU\TPU\pers\28953
|
| 701 |
|
1 |
|a Юдин
|b А. С.
|c специалист в области электрофизики
|c научный сотрудник Томского политехнического университета, кандидат технических наук
|f 1984-
|g Артём Сергеевич
|3 (RuTPU)RU\TPU\pers\30035
|9 14469
|
| 712 |
0 |
2 |
|a Национальный исследовательский Томский политехнический университет (ТПУ)
|b Институт физики высоких технологий (ИФВТ)
|3 (RuTPU)RU\TPU\col\17233
|
| 801 |
|
1 |
|a RU
|b 63413507
|c 20101016
|
| 801 |
|
2 |
|a RU
|b 63413507
|c 20160209
|g RCR
|
| 850 |
|
|
|a 63413507
|
| 856 |
4 |
|
|u http://www.ispms.ru/files/Conference/2015/tezis_2015.pdf#page=318
|
| 942 |
|
|
|c CF
|